000 00903nam0a22002531 4500
001 rc\2727067
005 20250806203744.0
035 _a(NLR Aleph) 006854515
090 _a57156
_c57156
100 _a20110915d1943 u y0rusy50 ca
101 0 _arus
102 _aRU
105 _ay z |||||
200 1 _aПамятка парторгу группы [промпредприятия]
_f[Разработ. Парт. ком-том Автозавода им. Сталина]
210 _a[Москва]
_cМоск. большевик
_d1943
215 _a12 с., без тит. л.
_d15 см.
712 0 2 _aАвтомобильный завод им. Сталина (Москва)
801 0 _aRU
_bNLR
_gpsbo
801 1 _aRU
_bELAR
_2rusmarc
852 _aNLR
_jИп10 Г-2/77
942 _cBOOK
945 _aРоссийская национальная библиотека
980 _aNB
980 _aBV